| 000 | 00560nam a2200157 4500 | ||
|---|---|---|---|
| 008 | 0 1994 0a 000 0MEX | ||
| 020 | _a968-6346-95-3 | ||
| 050 | _aZ52 5W65 B46518 | ||
| 082 | _a001.642.5 B158a | ||
| 100 | _aBelserene, Rita | ||
| 245 | _aArranque R pido con Word perfect 6 para Windows / Rita Belserene | ||
| 260 | _aMéxico : Ventura Ediciones | ||
| 300 | _axv, 118 p. / 23 cm. | ||
| 650 | _a1.WORD PERFECT (PROGRAMA PARA COMPUTADORA) \ 2.PROCESAMIENTO DE LA PALABRA -PROGRAMAS PARA COMPUTADORAS | ||
| 700 | _aSchlittler, Jaime tr. | ||
| 999 |
_c12216 _d12216 |
||